000 00823nam a2200229 a 4500
001 000331508
003 AM-YeHGA
005 20250617130802.0
008 040505s2000 ||| r 000 0 rus d
020 _a5813801405
040 _aAM-YeHGA
041 1 _arus
_hger
100 1 _aКейтель, Вильгельм
245 1 0 _aРазмышления перед казнью /
_cВильгельм Кейтель; Пер. с нем. Г. Рудого.
260 _aСмоленск :
_bРусич,
_c2000.
300 _a606 с.
_b[4] л. ил.
440 0 _aМир в войнах
650 1 4 _aВермахт
_xСокрушительное поражение
650 1 4 _aНемецкие генералы
_xПричина неудач в войне
700 1 _aРудой, Г.
_eпер.
_4trl
090 _c125633
999 _c124278
_d124278